00702 a2200157 4500003000500000005001700005020001500022040000900037082001500046100001600061245008600077260004400163300000900207505030100216650002700517Nust20221118083730.0 a812390441x cNust a621.38,NAT aNatesan,v.c aParker Smith's 500 solutions of problems in Electrical engineering /cV.C Natesan aNew delhibCBS Pub.& Distributersc1996 a394p aConversions (Page-1), Electric Fields (Page-26), Magnetic Fields (Page-49), Electrochemistry and Batteries (Page-86), Resistance and D.C. Circuits (Page-97), A. C. Circuits (Page-137), Three Phase Circuits (Page-216), Networks (Page-252), Alternating Quantities (Page-310) Transients (Page-362) . aElectrical engineering